00345nam a2200145Ia 4500008004100000020001500041041001200056082001100068100001700079245002100096260004800117300000800165650001200173700001400185221030s9999 xx 000 0 und d a8122415288 aEnglish a105.23 aS. L. Kakani 0aMaterial Science bNew Age International PubaNew Delhic2008 a640 aPhysics aA. Kakani